Govt. of
Madhya Pradesh

Discussion And Debate In Indian Philosophy (Record no. 15435)

MARC details
000 -LEADER
fixed length control field 004200000a22001570004500
001 - CONTROL NUMBER
control field 003535
003 - CONTROL NUMBER IDENTIFIER
control field MACL
040 ## - CATALOGING SOURCE
Original cataloging agency MACL
090 ## - LOCALLY ASSIGNED LC-TYPE CALL NUMBER (OCLC); LOCAL CALL NUMBER (RLIN)
-- 15528
-- 15527
100 ## - MAIN ENTRY--PERSONAL NAME
Personal name Krishna, Daya
245 ## - TITLE STATEMENT
Title Discussion And Debate In Indian Philosophy
Remainder of title issues in Vedanta, Mimamsa and Nyaya
Statement of responsibility, etc. Daya Krishna
260 ## - PUBLICATION, DISTRIBUTION, ETC. (IMPRINT)
Place of publication, distribution, etc. Indian Council of Social Science Research,
Date of publication, distribution, etc. 2004
350 ## - PRICE (NR) (BK AM CF MU VM SE) [OBSOLETE]
Price 450
650 ## - SUBJECT ADDED ENTRY--TOPICAL TERM
Topical term or geographic name as entry element Philosophy
942 ## - ADDED ENTRY ELEMENTS (KOHA)
Call number prefix 100
Koha item type Library Membar
Holdings
Withdrawn status Lost status Source of classification or shelving scheme Damaged status Not for loan Home library Current library Date acquired Cost, normal purchase price Total Checkouts Full call number Barcode Date last seen Date last checked out Uniform Resource Identifier Price effective from Koha item type
          MACL MACL 15/04/2015 450.00 1 100/KRI CRE019282 02/05/2024 05/08/2023 15330 15/04/2015 Books